Near synonyms as co-extensive categories : 'High' and 'tall' revisited /

Сохранить в:
Библиографические подробности
Главный автор: Taylor, John R.
Формат: Статья
Язык:English
Предметы:
Метки: Добавить метку
Нет меток, Требуется 1-ая метка записи!
Thư viện lưu trữ: Thư viện Trường Đại học Đà Lạt
LEADER 00824nam a2200289 4500
001 DLU090079246
005 ##20090619
040 # # |a DLU  |b eng 
041 # # |a eng 
044 # # |a UK 
100 # # |a Taylor, John R.  
245 # # |a Near synonyms as co-extensive categories : 'High' and 'tall' revisited /  |c John R. Taylor. 
653 # # |a Co-extensive categories 
653 # # |a Color 
653 # # |a Semantic relations 
653 # # |a Synonymy 
653 # # |a Vantage theory 
773 # # |t Language Sciences  |g Vol. 25, no. 3 (May 2003), p. 263-284 
920 # # |a Phòng Tạp chí -- Trung tâm Thông tin - Thư viện Trường Đại học Đà Lạt 
994 # # |a DLU 
900 # # |a True 
911 # # |a Trương Bảo Trâm Anh 
925 # # |a G 
926 # # |a A 
927 # # |a BB 
980 # # |a Thư viện Trường Đại học Đà Lạt